Un quinto y un párvulo (Registro nro. 179927)
[ vista simple ]
| 000 -LEADER | |
|---|---|
| campo de control de longitud fija | 01242nam a22002535i 4500 |
| 001 - NÚMERO DE CONTROL | |
| campo de control | 179927 |
| 003 - IDENTIFICADOR DE NÚMERO DE CONTROL | |
| campo de control | ES-MaACL |
| 005 - FECHA Y HORA DE LA ÚLTIMA TRANSACCIÓN | |
| campo de control | 20250824071309.0 |
| 008 - DATOS DE LONGITUD FIJA--INFORMACIÓN GENERAL | |
| campo de control de longitud fija | 120301s1842 sp |||| | spa d |
| 040 ## - FUENTE DE CATALOGACIÓN | |
| Centro catalogador/agencia de origen | CAM |
| Lengua de catalogación | spa |
| Centro/agencia transcriptor | CAM |
| 080 ## - NÚMERO DE LA CLASIFICACIÓN DECIMAL UNIVERSAL | |
| Número de la Clasificación Decimal Universal | 821.133.1-23"18" |
| 100 1# - ENTRADA PRINCIPAL--NOMBRE DE PERSONA | |
| Nombre de persona | Mélesville ( |
| Fechas asociadas al nombre | 1787-1865) |
| 9 (RLIN) | 149489 |
| 245 13 - MENCIÓN DEL TÍTULO | |
| Título | Un quinto y un párvulo |
| Resto del título | : comedia en un acto / |
| Mención de responsabilidad, etc. | escrita en francés por Melesville ; (arreglada por M. A. Lasheras). |
| 260 ## - PUBLICACIÓN, DISTRIBUCIÓN, ETC. | |
| Lugar de publicación, distribución, etc. | Madrid : |
| Nombre del editor, distribuidor, etc. | [s.a., |
| Fecha de publicación, distribución, etc. | 1842?] ( |
| Fabricante | Imp. de F. Suárez) |
| 300 ## - DESCRIPCIÓN FÍSICA | |
| Extensión | 18 p. ; |
| Dimensiones | 25 cm. |
| 490 1# - MENCIÓN DE SERIE | |
| Mención de serie | Museo dramático ó Colección de comedias del teatro estrangero representadas en los principales de la corte ; |
| Designación de volumen o secuencia | 1 |
| 500 ## - NOTA GENERAL | |
| Nota general | Representada por primera vez en Madrid en el teatro del Príncipe el dia 23 de agosto de 1842. |
| 594 ## - Nota al título y mención de responsabilidad | |
| Nota al título y mención de responsabilidad | Título y autores tomados de principio del texto. |
| 596 ## - NOTA AL PIE DE IMPRENTA | |
| NOTA AL PIE DE IMPRENTA | Pie de imp. tomado de colofón. |
| 700 1# - ENTRADA AGREGADA--NOMBRE PERSONAL | |
| Nombre de persona | Lasheras, Manuel Antonio. |
| 9 (RLIN) | 142048 |
| 830 00 - PUNTO DE ACCESO ADICIONAL DE SERIE-TÍTULO UNIFORME | |
| Título uniforme | Museo dramático ó Colección de comedias del teatro estranjero representadas en los principales teatros de la corte |
| Designación de volumen o secuencia | 1 |
| 9 (RLIN) | 242030 |
| 852 ## - LOCALIZACIÓN | |
| Ubicación | ES-MaACL |
| Número de control de estantería | F-7488(12) |
| Nota libre | .- Enc. hol. -- Falto de la port. y la cub. original -- Enc. en un vol. facticio |
| Estatus retirado | Estado de pérdida | Estado de daño | No para préstamo | Colección | Biblioteca de origen | Biblioteca actual | Ubicación en estantería | Fecha de adquisición | Fuente de adquisición | Total de préstamos | Signatura topográfica completa | Código de barras | Visto por última vez | Precio de reemplazo | Tipo de ítem Koha |
|---|---|---|---|---|---|---|---|---|---|---|---|---|---|---|---|
| Libros del s. XIX | Biblioteca del Ateneo de Madrid | Biblioteca del Ateneo de Madrid | Depósito 2 | 01/03/2012 | F-7488(12) | 1189022 | 23/02/2023 | 23/02/2023 | Libro impreso antiguo |
